[Event "19th 4NCL Congress"]
[Site "Telford"]
[Date "2018.07.15"]
[Round "5"]
[Board "9"]
[White "Bryant, Richard Be"]
[Black "Tarr, Steve F"]
[Result "1-0"]
[WhiteElo "1944"]
[BlackElo "1757"]
[PlyCount "57"]
[EventDate "2018.07.13"]
[EventRounds "5"]
[EventCountry "ENG"]

1. e4 c5 2. Nc3 g6 3. f4 Bg7 4. Nf3 Nc6 5. Bb5 Nd4 6. Bd3 e6 7. Nxd4 cxd4 8.
Nb5 Qb6 9. e5 Bf8 10. b3 a6 11. Na3 d5 12. exd6 Qxd6 13. Qf3 Nf6 14. Bb2 Qc6
15. Qxc6+ bxc6 16. Nc4 c5 17. Nb6 Rb8 18. Nxc8 Rxc8 19. Bxa6 Rb8 20. a4 Nd5 21.
Bb5+ Kd8 22. g3 h5 23. O-O-O Bg7 24. Ba3 Bf8 25. c3 dxc3 26. dxc3 Kc7 27. c4
Nf6 28. Bb2 Be7 29. Be5+  1-0

[Event "19th 4NCL Congress"]
[Site "Telford"]
[Date "2018.07.15"]
[Round "5"]
[Board "10"]
[White "Darwen, David"]
[Black "Heald, Carl"]
[Result "1/2-1/2"]
[WhiteElo "1937"]
[BlackElo "1895"]
[PlyCount "45"]
[EventDate "2018.07.13"]
[EventRounds "5"]
[EventCountry "ENG"]

1. d4 Nf6 2. Bf4 g6 3. e3 Bg7 4. Nf3 O-O 5. h3 b6 6. Be2 Bb7 7. O-O d6 8. Bh2
c5 9. c3 Nbd7 10. Nbd2 Rc8 11. Re1 Re8 12. Qc2 e5 13. dxe5 Nxe5 14. Nxe5 dxe5
15. e4 Qe7 16. Rad1 Bc6 17. Bf3 b5 18. c4 b4 19. Bg3 Rcd8 20. Bh4 Qb7 21. Bxf6
Bxf6 22. Nb3 Qe7 23. Rxd8  1/2-1/2

[Event "19th 4NCL Congress"]
[Site "Telford"]
[Date "2018.07.15"]
[Round "5"]
[Board "11"]
[White "Zdanowski, Adrian"]
[Black "Dunkley, Michael"]
[Result "1-0"]
[WhiteElo "1882"]
[BlackElo "1704"]
[PlyCount "81"]
[EventDate "2018.07.13"]
[EventRounds "5"]
[EventCountry "ENG"]

1. d4 d5 2. c4 c6 3. Nc3 Nf6 4. g3 Bf5 5. Bg2 e6 6. Nf3 Nbd7 7. b3 Bb4 8. Bd2
Bd6 9. O-O O-O 10. Nh4 Bg4 11. Qc2 Bh5 12. e4 dxe4 13. Nxe4 Be7 14. Bc3 Nxe4
15. Qxe4 Nf6 16. Qc2 Qb6 17. Nf3 Bg6 18. Qe2 Be4 19. Ne5 Bxg2 20. Kxg2 Rfd8 21.
c5 Qc7 22. Rad1 Nd5 23. Ba1 a5 24. f4 a4 25. f5 exf5 26. Rxf5 f6 27. Nc4 Re8
28. Qd3 axb3 29. Qxb3 Bf8 30. Nb6 Rad8 31. Nxd5 cxd5 32. Qf3 Qa5 33. a3 Qb5 34.
Rd2 Re1 35. Bc3 Qb1 36. Rb2 Rg1+ 37. Kh3 Qc1 38. Rxb7 g6 39. Rf4 Re8 40. Qxd5+
Kh8 41. Qf7  1-0

[Event "19th 4NCL Congress"]
[Site "Telford"]
[Date "2018.07.15"]
[Round "5"]
[Board "12"]
[White "Sheikh, Samia Z"]
[Black "Stephenson, David W"]
[Result "0-1"]
[WhiteElo "1448"]
[BlackElo "1817"]
[PlyCount "82"]
[EventDate "2018.07.13"]
[EventRounds "5"]
[EventCountry "ENG"]

1. d4 d5 2. c4 e6 3. Nc3 c5 4. e3 Nf6 5. Nf3 Nc6 6. Be2 Be7 7. O-O O-O 8. a3 b6
9. cxd5 exd5 10. Bb5 Bb7 11. Bxc6 Bxc6 12. dxc5 bxc5 13. Qe2 Qb6 14. Ne5 Be8
15. a4 Bd6 16. Ng4 Nxg4 17. Qxg4 Bc6 18. a5 Qb7 19. Rd1 Rad8 20. Kh1 Rfe8 21.
a6 Qa8 22. Bd2 Re6 23. f3 Qb8 24. Ne2 Rg6 25. Qf5 Bxh2 26. Nf4 Rh6 27. Nh3 Bd7
28. Qg5 Bxh3 29. gxh3 Rxh3 30. Qg4 Rh6 31. e4 Bf4+ 32. Kg2 Rg6 33. Qxg6 hxg6
34. Bxf4 Qxf4 35. exd5 Qg5+ 36. Kf2 Rxd5 37. Rg1 Rd2+ 38. Kf1 Qh4 39. Rg2 Qh1+
40. Rg1 Qxf3+ 41. Ke1 Qe2#  0-1

[Event "19th 4NCL Congress"]
[Site "Telford"]
[Date "2018.07.15"]
[Round "5"]
[Board "13"]
[White "Lovell, William Pm"]
[Black "Radford, Mark Sr"]
[Result "1-0"]
[WhiteElo "1737"]
[BlackElo "1667"]
[PlyCount "91"]
[EventDate "2018.07.13"]
[EventRounds "5"]
[EventCountry "ENG"]

1. c4 e5 2. g3 Nc6 3. Nc3 g6 4. Bg2 Bg7 5. d3 Nge7 6. Nf3 O-O 7. O-O d6 8. Rb1
a5 9. a3 f5 10. Nd2 f4 11. b4 axb4 12. axb4 Nf5 13. Nde4 g5 14. Nd5 Ncd4 15. e3
f3 16. Bxf3 Nxf3+ 17. Qxf3 Nh4 18. Qe2 Nf3+ 19. Kg2 c6 20. Ndc3 Qd7 21. Qxf3
Rxf3 22. Kxf3 Qg4+ 23. Kg2 Qh3+ 24. Kg1 h6 25. Ne2 Bg4 26. f3 Be6 27. Nxd6 b6
28. Bb2 Rd8 29. c5 b5 30. d4 exd4 31. Bxd4 Bc4 32. Nxc4 bxc4 33. Bxg7 Kxg7 34.
Nd4 Qd7 35. Rbc1 Qd5 36. Rfd1 Ra8 37. e4 Qf7 38. Nf5+ Kh7 39. Rd6 Ra2 40. Rcd1
Qe8 41. Rd7+ Kg8 42. Rd8 Qxd8 43. Rxd8+ Kh7 44. Rd1 c3 45. Rc1 c2 46. Nd4  1-0

[Event "19th 4NCL Congress"]
[Site "Telford"]
[Date "2018.07.15"]
[Round "5"]
[Board "14"]
[White "Robinson, Brian"]
[Black "Murphy, Ross"]
[Result "1-0"]
[WhiteElo "1548"]
[BlackElo "1825"]
[PlyCount "53"]
[EventDate "2018.07.13"]
[EventRounds "5"]
[EventCountry "ENG"]

1. d4 Nf6 2. Nf3 g6 3. e3 Bg7 4. Be2 O-O 5. O-O d5 6. b4 Ne4 7. Bb2 Nd7 8. c4
c5 9. bxc5 Ndxc5 10. Qc2 Na6 11. cxd5 Bf5 12. Nh4 Nb4 13. Qb3 Nxd5 14. Nxf5
gxf5 15. Rd1 e6 16. Nc3 Ndxc3 17. Bxc3 Qh4 18. g3 Qg5 19. Bb2 h5 20. h4 Qg6 21.
d5 Bh6 22. Be5 exd5 23. Qxd5 Rfe8 24. Bf3 Rad8 25. Qxd8 Rxd8 26. Rxd8+ Bf8 27.
Bxe4  1-0

[Event "19th 4NCL Congress"]
[Site "Telford"]
[Date "2018.07.15"]
[Round "5"]
[Board "15"]
[White "Bradley, Sam A"]
[Black "Llewellyn, Alan M"]
[Result "1/2-1/2"]
[WhiteElo "1712"]
[BlackElo "1461"]
[PlyCount "71"]
[EventDate "2018.07.13"]
[EventRounds "5"]
[EventCountry "ENG"]

1. d4 Nf6 2. Nf3 c6 3. e3 d5 4. c4 g6 5. Nc3 Bg7 6. b4 O-O 7. Bb2 Be6 8. c5 Bg4
9. h3 Bxf3 10. Qxf3 Nfd7 11. Qd1 e5 12. Be2 Na6 13. a3 exd4 14. exd4 Qh4 15.
Nb1 Rae8 16. Qd3 Naxc5 17. bxc5 Nxc5 18. dxc5 Bxb2 19. Ra2 Qg5 20. O-O Be5 21.
Nd2 Qf4 22. Nf3 Bb8 23. Rb1 Re7 24. Rab2 Rfe8 25. Rxb7 Rxb7 26. Rxb7 Qc1+ 27.
Bf1 Qxc5 28. Qd4 Qxd4 29. Nxd4 c5 30. Nc6 Bd6 31. Rxa7 c4 32. Rd7 c3 33. Nd4
Bxa3 34. Rxd5 Rb8 35. Nc2 Rb3 36. g3  1/2-1/2

[Event "19th 4NCL Congress"]
[Site "Telford"]
[Date "2018.07.15"]
[Round "5"]
[Board "16"]
[White "Verma, Shlok"]
[Black "Bowman, Richard L"]
[Result "0-1"]
[WhiteElo "1638"]
[BlackElo "1822"]
[PlyCount "100"]
[EventDate "2018.07.13"]
[EventRounds "5"]
[EventCountry "ENG"]

1. d4 g6 2. c4 Bg7 3. Nc3 c5 4. Nf3 cxd4 5. Nxd4 Nc6 6. e3 d6 7. g3 Nf6 8. Bg2
Ne5 9. O-O O-O 10. b3 Rb8 11. Bb2 Bd7 12. Rb1 Qc8 13. Nce2 Bh3 14. Bxh3 Qxh3
15. Nf4 Qd7 16. Nc2 Ne4 17. f3 Nc5 18. Bxe5 Bxe5 19. Nd3 Nxd3 20. Qxd3 Qh3 21.
f4 Bg7 22. Nb4 h5 23. Qe4 h4 24. Qg2 Qe6 25. Nd5 h3 26. Qf3 f5 27. Rfe1 Qd7 28.
Rbc1 e6 29. Nb4 a5 30. Nd3 Kf7 31. Qf1 Rh8 32. Nf2 Bf6 33. Red1 Rbc8 34. e4 e5
35. c5 fxe4 36. Nxe4 Be7 37. fxe5+ Kg7 38. exd6 Rcf8 39. Qd3 Bf6 40. c6 bxc6
41. Nc5 Qa7 42. Kh1 Rh5 43. Ne6+ Kg8 44. Qxg6+ Bg7 45. Qxh5 Qe3 46. Re1 Qd2 47.
Qe2 Qd5+ 48. Qe4 Rf1+ 49. Rxf1 Qxe4+ 50. Kg1 Qg2#  0-1

[Event "19th 4NCL Congress"]
[Site "Telford"]
[Date "2018.07.15"]
[Round "5"]
[Board "17"]
[White "Davies, Sam"]
[Black "Potter, Steven"]
[Result "0-1"]
[WhiteElo "1722"]
[BlackElo "1799"]
[PlyCount "248"]
[EventDate "2018.07.13"]
[EventRounds "5"]
[EventCountry "ENG"]

1. e4 b6 2. d4 e6 3. Nf3 Bb7 4. Nbd2 c5 5. c3 Nf6 6. Bd3 Nc6 7. a3 Na5 8. O-O
c4 9. Bb1 Be7 10. Re1 Qc7 11. Bc2 b5 12. Bb1 a6 13. Qe2 Rc8 14. Bc2 Nh5 15. Ne5
Nf6 16. Nef3 Nh5 17. g3 Nf6 18. Nf1 d6 19. h3 e5 20. Nh4 O-O 21. d5 Nd7 22. Nf5
Nc5 23. Qg4 g6 24. Bh6 Kh8 25. Bg7+ Kg8 26. Bxf8 Bxf8 27. N1e3 Kh8 28. Nh4 Re8
29. Rf1 Nd3 30. Bxd3 Bc8 31. Qd1 cxd3 32. Qxd3 Bxh3 33. Nhg2 Nb3 34. Rad1 Bh6
35. Rfe1 Nc5 36. Qc2 Rf8 37. c4 Qe7 38. b4 Na4 39. Rc1 f5 40. exf5 gxf5 41.
cxb5 f4 42. Qc7 Qf6 43. gxf4 exf4 44. Ng4 Bxg4 45. Qe7 Qg6 46. Nh4 Qg8 47. Qxd6
Be2+ 48. Ng6+ Qxg6+ 49. Qxg6 hxg6 50. Rxe2 f3 51. Rec2 Bxc1 52. Rxc1 axb5 53.
Rc6 Rd8 54. d6 Kg8 55. Kh2 Nb2 56. Rb6 Nc4 57. Rxb5 Nxa3 58. Rd5 Nc4 59. d7 Nb6
60. Rd6 Nxd7 61. Rxg6+ Kf7 62. Rd6 Ke7 63. Rd5 Rb8 64. Kg3 Ke6 65. Ra5 Rxb4 66.
Kxf3 Ne5+ 67. Kg2 Kf5 68. Ra8 Rg4+ 69. Kf1 Rb4 70. Rf8+ Ke4 71. Re8 Rb5 72. Kg2
Kf4 73. Rg8 Ke4 74. Re8 Rb7 75. Rf8 Rg7+ 76. Kf1 Ng6 77. Re8+ Kf3 78. Re3+ Kf4
79. Ra3 Rc7 80. Ra4+ Kf3 81. Ra3+ Ke4 82. Ra4+ Kd3 83. Ra3+ Kc4 84. Ra4+ Kb3
85. Rg4 Ne5 86. Rg3+ Kc4 87. Kg2 Nd3 88. Rg4+ Kc3 89. Rg3 Rf7 90. Rf3 Re7 91.
Re3 Rd7 92. Rg3 Kd2 93. Rg8 Rf7 94. Ra8 Rxf2+ 95. Kg3 Rf7 96. Kg4 Nf2+ 97. Kg3
Ke3 98. Ra3+ Nd3 99. Kg4 Ke4 100. Ra4+ Kd5 101. Ra5+ Nc5 102. Kg5 Kd4 103. Kg6
Rf8 104. Kg7 Ne6+ 105. Kg6 Ke4 106. Ra4+ Ke5 107. Ra5+ Kf4 108. Ra4+ Kg3 109.
Ra3+ Kg4 110. Ra4+ Nf4+ 111. Kg7 Rf5 112. Rb4 Kg5 113. Rb1 Ne6+ 114. Kg8 Kg6
115. Rg1+ Ng5 116. Rg2 Kf6 117. Ra2 Ne6 118. Ra6 Rg5+ 119. Kh8 Rd5 120. Rb6 Kf7
121. Rb7+ Kg6 122. Rb8 Nd8 123. Rb1 Nf7+ 124. Kg8 Rd8#  0-1